His Holyness the Pope of Rome's declaration against the French king, Louis the 14th. : Translated out of High Dutch into English as it now lyes before the Dyet in Germany : giving an exact account of the particulars of the presensions of the See of Rome against the crown of France: /

Bibliographic Details
Main Author: Alexander VIII, Pope, 1610-1691
Format: eBook
Language:English
Published: London, : Printed for J.M. ..., MDCLXXXIX [1689]
Series:Early English books online.
Subjects:
Online Access:Connect to the full text of this electronic book

MARC

Tag First Indicator Second Indicator Subfields
LEADER 00000nam a2200000Ia 4500
001 in00004326331
005 20200812090108.0
006 m g d
007 cr bn |||a|bb|
008 010124s1689 enk o 000 0 eng d
035 |a (OCoLC)45789131 
040 |a EAE  |c EAE  |e dcrb 
037 |a CL0037000112  |b ProQuest Information and Learning. 300 N. Zeeb Rd., Ann Arbor, MI 48106 
043 |a e-fr--- 
090 |a BX1529  |b .A4 
049 |a UMIA 
100 0 |a Alexander  |b VIII,  |c Pope,  |d 1610-1691. 
245 1 0 |a His Holyness the Pope of Rome's declaration against the French king, Louis the 14th. :  |b Translated out of High Dutch into English as it now lyes before the Dyet in Germany : giving an exact account of the particulars of the presensions of the See of Rome against the crown of France: /  |c written by a person that is lately arrived from Germany. ; Never yet published ... 
260 |a London, :  |b Printed for J.M. ...,  |c MDCLXXXIX [1689] 
300 |a 1 online resource (1 sheet ([2] pages) 
336 |a text  |b txt  |2 rdacontent 
337 |a computer  |b c  |2 rdamedia 
338 |a online resource  |b cr  |2 rdacarrier 
500 |a Caption title. 
500 |a Imprint from colophon. 
500 |a "Licensed, J.F. Jan. 6th. 1690." 
500 |a Reproduction of original in: Christ Church (University of Oxford). Library. 
510 4 |a Wing (2nd edition)  |c A909A 
533 |a Electronic reproduction.  |b Ann Arbor, Mich. :  |c UMI,  |d 1999-  |f (Early English books online)  |n Digital version of: (Early English Books, 1641-1700 ; 2630:11)  |7 s1999 miun s 
610 2 0 |a Catholic Church  |x Foreign relations  |z France  |v Sources. 
651 0 |a France  |x Foreign relations  |y 1643-1715  |v Sources. 
600 0 0 |a Louis  |b XIV,  |c King of France,  |d 1638-1715. 
655 7 |a Broadsides  |z England  |y 17th century.  |2 rbgenr 
830 0 |a Early English books online. 
856 4 0 |u http://proxy.library.tamu.edu/login?url=https://search.proquest.com/docview/2264174154  |z Connect to the full text of this electronic book  |t 0 
999 f f |s 6fc7f2c4-8f15-32b1-a474-e5c7e310720b  |i 14f83a64-8b5a-3422-841b-1e2f24d6fceb  |t 0 
952 f f |a Texas A&M University  |b College Station  |c Electronic Resources  |d Available Online  |t 0  |e BX1529 .A4  |h Library of Congress classification 
998 f f |a BX1529 .A4  |t 0  |l Available Online